| 000 | 00644cam a22002412a 4500 | ||
|---|---|---|---|
| 001 | 017939 | ||
| 003 | AR-FADEU | ||
| 008 | 311216n1997####xxu####################dd | ||
| 020 | _a950-839-059-X | ||
| 092 |
_a420.76 _bS844c |
||
| 100 | _aSardi, María del Carmen | ||
| 245 | _aLa evaluación de la enseñanza | ||
| 260 | _aBuenos Aires | ||
| 260 | _bCincel | ||
| 260 | _c1997 | ||
| 300 | _a99 p | ||
| 440 | _aApoyo metodológico | ||
| 500 | _aIncluye bibliografía | ||
| 700 | _aJuana, Silberman | ||
| 650 | _aINGLES-ESTUDIO Y ENSEÑANZA; METODOLOGIA; EVALUACION; TESTS/REVISADO/ | ||
| 546 | _aInglés-Español | ||
| 942 | _cBDGR | ||
| 999 |
_c23686 _d23686 |
||